El principito / (Registro nro. 3487)
[ vista simple ]
| 000 -LEADER | |
|---|---|
| fixed length control field | 00781nam a2200253Ia 4500 |
| 003 - CONTROL NUMBER IDENTIFIER | |
| control field | OSt |
| 005 - DATE AND TIME OF LATEST TRANSACTION | |
| control field | 20250711161828.0 |
| 008 - FIXED-LENGTH DATA ELEMENTS--GENERAL INFORMATION | |
| fixed length control field | 191128s1988 ck a br 000 f spa d |
| 020 ## - INTERNATIONAL STANDARD BOOK NUMBER | |
| International Standard Book Number | 9589159354 |
| 040 ## - CATALOGING SOURCE | |
| Original cataloging agency | CO-JMCR |
| Transcribing agency | CO-JMCR |
| 041 1# - LANGUAGE CODE | |
| Language code of text/sound track or separate title | spa |
| 082 04 - DEWEY DECIMAL CLASSIFICATION NUMBER | |
| Classification number | N |
| Item number | SAIp1 |
| 100 1# - MAIN ENTRY--PERSONAL NAME | |
| Personal name | Saint-Exupéry, Antoine de, |
| 9 (RLIN) | 1465 |
| Relator term | autor |
| 245 10 - TITLE STATEMENT | |
| Title | El principito / |
| Statement of responsibility, etc. | Antoine de Saint-Exupéry ; traductor Bonifacio del Carril |
| 250 ## - EDITION STATEMENT | |
| Edition statement | Primera edición |
| 260 ## - PUBLICATION, DISTRIBUTION, ETC. | |
| Place of publication, distribution, etc. | [Bogotá] : |
| Name of publisher, distributor, etc. | Alianza, |
| Date of publication, distribution, etc. | 1988 |
| 300 ## - PHYSICAL DESCRIPTION | |
| Extent | 115 páginas ; |
| Dimensions | 18 cm. |
| 490 0# - SERIES STATEMENT | |
| Series statement | Literatura ; |
| Volume/sequential designation | 348 |
| 500 ## - GENERAL NOTE | |
| General note | Título original: Le petit prince |
| 546 ## - LANGUAGE NOTE | |
| Language note | Traducido del francés. |
| 650 14 - SUBJECT ADDED ENTRY--TOPICAL TERM | |
| Topical term or geographic name entry element | Novela infantil francesa |
| 9 (RLIN) | 1227 |
| 700 1# - ADDED ENTRY--PERSONAL NAME | |
| Personal name | Del Carril, Bonifacio, |
| Relator term | traductor |
| 9 (RLIN) | 42404 |
| 942 ## - ADDED ENTRY ELEMENTS (KOHA) | |
| Source of classification or shelving scheme | Dewey Decimal Classification |
| Koha item type | Books |
| Withdrawn status | Lost status | Source of classification or shelving scheme | Damaged status | Not for loan | Collection code | Home library | Current library | Date acquired | Source of acquisition | Total Checkouts | Total Renewals | Full call number | Barcode | Date last seen | Date last checked out | Copy number | Cost, replacement price | Koha item type |
|---|---|---|---|---|---|---|---|---|---|---|---|---|---|---|---|---|---|---|
| Dewey Decimal Classification | Fiction | Biblioteca Pública José María del Castillo y Rada | Biblioteca Pública José María del Castillo y Rada | 11/28/2019 | Donación | 9 | 4 | N SAIp1 | 201807339 | 04/14/2025 | 04/11/2025 | Ej.1 | 0.00 | Books |